|
|
|
|
| LEADER |
00000nam a22000007a 4500 |
| 005 |
20211214215022.0 |
| 007 |
cr|||| |||| |
| 008 |
211214s2020 br |||||s|||| 00||0 por d |
| 020 |
|
|
|a 978-65-5515-013-1
|
| 035 |
|
|
|a 35472
|
| 040 |
|
|
|a vLex
|
| 090 |
|
|
|c 12710
|d 12710
|
| 245 |
0 |
0 |
|a Direito privado e contemporaneidade
|h [Recurso electrn̤ico] /
|
| 256 |
|
|
|a Servicio en ln̕ea
|
| 260 |
|
|
|a Indaiatuba:
|b Editora Foco,
|c 2020
|
| 300 |
|
|
|a 1 recurso electrn̤ico
|
| 500 |
|
|
|a “É com imensa alegria que chegamos ao terceiro volume da obra Direito Privado e Contemporaneidade. Talvez nô seja comum que obras coletivas alcancem certa continuidade, o que s ̤fortalece as raze̳s de alegria dentre todos que participaram dessa caminhada conjunta. E toda obra coletiva – sobretudo no eixo temt̀ico do direito privado, objeto de tantas e tô fascinantes mudanȧs nas l︢timas dčadas – traz consigo algo que possivelmente ̌uma das marcas prp̤rias do conhecimento cientf̕ico: a difusô das pesquisas entre os pares, a submissô de novas hipt̤eses ao especializado olhar alheio, a partilha das concluse̳s alcanȧdas nos mais recentes estudos. (...) O sistema jurd̕ico, antes estt̀ico e fechado, agora aberto e dinḿico, exige soluė̳s que dialoguem com essa complexidade. A obra que o leitor tem em môs reflete vivamente esse andar g̀il dos nossos dias. Sô vr̀ios os eixos temt̀icos, que vô desde direito e tecnologia na sociedade da informaȯ̂ at ̌aspectos controvertidos do direito empresarial. Passando por queste̳s afetas s̉ relaė̳s entre direito e economia, queste̳s relativas ao consumo, vulnerabilidade e proteȯ̂ contratual, sem esquecer das (difc̕eis) matřias que envolvem o direito, a sad︢e e a biotecnologia. Tambm̌ estô presentes reflexe̳s ligadas aos sujeitos, autonomia e solidariedade ou ̉autonomia privada e mercado (e ainda a perspectiva atual dos direitos reais, que tanto se modificou ultimamente, inclusive em termos legislativos). Falando em mudanȧs, poucos institutos refletem de modo tô g̀il as mudanȧs sociais como a responsabilidade civil, cujas novas tendn̊cias comparecem nos estudos aqui apresentados. E ainda as reflexe̳s sobre faml̕ia e contemporaneidade, um campo temt̀ico que por si s ̤evidencia o tom iconoclasta das alteraė̳s que temos socialmente experimentado”.
|
| 506 |
1 |
|
|a Disponible solo en los productos indicados
|d vLex Global
|d vLex Global (Academic Edition, excluding Law Schools)
|d vLex Global (U.S. Academic Edition, Law Schools)
|d vLex Global (U.S. Academic Edition, excluding Law Schools)
|d vLex Global (Academic Edition, Law Schools)
|
| 650 |
0 |
4 |
|a Derecho Civil
|z Brasil
|
| 740 |
0 |
|
|a vLex Libros (Servicio en ln̕ea)
|
| 856 |
4 |
0 |
|u https://app.vlex.com/#/sources/35472
|z Acceso restringido
|
| 942 |
|
|
|c BOOK
|
| 999 |
0 |
|
|a Civil Law
|